Quiz sur 4Keus - Statistiques

Statistiques générales
  • Ce quiz a été pris 12 fois
  • Le résultat moyen est 6 sur 15
Statistiques - réponses
Indice Réponse % Correct
En quelle année le groupe s'est-il séparé ? 2017
91%
Comment s'appellent les membres du groupe ? Bné Djeffi HK Tiakola
73%
Quel est le titre de leur chanson en feat avec Naza, Dry et Keblack ? Mignon Garçon
64%
Quelle est la chanson la plus connue de 4Keus ? O'Kartier c'est la Hess
55%
De quelle ville sont-ils originaires ? La Courneuve
45%
Comment s'appelle leur album le plus connu ? Vie d'artiste
45%
Dans quel label ont-ils signé ? Wati B
45%
Quelles sont les origines des membres du groupe (3) Comores, RDC, Mali
36%
D'où vient le nom 4Keus ? La Cité des 4000
36%
Comment s'appelle la première chanson au million de vues de 4Keus ? Vois t'as vu
36%
Comment s'appelle la chanson où le groupe explique la séparation avec 4Keus Gang ? Extinction des feux
27%
Quelle est la signification de M.D, titre en feat avec Niska ? Manu Dibango
27%
Quelle est sa date de sortie ? 3 Janvier 2020
18%
Comment s'appelle leur première mixtape ? La Vie Continue
18%
Comment s'appelle la première chanson du groupe ? (2015) Y'a bourbier
18%
Aucun quiz correspondant
Distribution des résultats
% des personnes avec chaque résultat
Percentile par nombre de réponses
Votre historique - résultats
Vous n’avez pas pris ce quiz